| 000 | 00686nam a2200241Ia 4500 | ||
|---|---|---|---|
| 003 | OSt | ||
| 005 | 20240919113946.0 | ||
| 006 | a|||||r|||| 00| 0 | ||
| 007 | ta | ||
| 008 | 220923b |||||||| |||| 00| 0 eng d | ||
| 020 |
_a9788187358558 _c552.5 |
||
| 037 |
_b11049, 08/09/2012, Uppal Book Store _cGeneral Book |
||
| 040 |
_aRTL _cRTL _beng |
||
| 041 |
_2eng _aeng |
||
| 082 | _aX, Q2 | ||
| 100 |
_aSanyal Amal _9310209 |
||
| 245 | 0 | _aEconomics and its stories | |
| 260 |
_a New Delhi _bSocial Science Press _c2012 |
||
| 300 |
_a332p _ccm. |
||
| 650 | _aEconomics | ||
| 942 |
_hX, Q2 _cGB _2CC |
||
| 999 |
_c613701 _d613701 |
||